00937cam a2200265 a 450000100060000000300080000600500170001400800410003102000400007203500200011204000320013204100080016408200260017224501400019826000450033830000320038349000310041550400300044661000400047665000310051665000430054765100360059070000230062670000220064928801BD-RjUL20211209051330.0140301s1984 coua b 000 0 eng d a0865318662 (lib. bdg. : alk. paper) a(BD-RjUL) 28883 aDLCcDLCdDLCdBD-RjULbeng aeng00a338.973219bPRE 198604aThe President and the Council of Economic Advisers :binterviews with CEA chairmen /cedited by Erwin C. Hargrove and Samuel A. Morley. aBoulder, Colo. :bWestview Press,c1984. ax, 511 p. :bill. ;c23 cm.0 aA Westview replica edition aBibliography: p. 503-511.20aCouncil of Economic Advisers (U.S.) 0aPresidentszUnited States. 0aEconomistszUnited StatesxInterviews. 0aUnited StatesxEconomic policy.1 aHargrove, Erwin C.1 aMorley, Samuel A.